000 00689nam a2200193Ia 4500
003 GCL
008 140319s9999 xx 000 0 ara d
040 _aGCL /
_cGCL
082 0 4 _a920.71
_bب ت
100 1 _aالبستى , ابوحاتم محمد بن حيان
245 1 0 _aتاريخ الصحابة الذين روى عنهم الاخبار /
_cالبستى , ابوحاتم محمد بن حيان
700 1 _aبوران الصناوى (تحقيق)
260 _a[S.N] :
_bدار الكتب العلمية للنشر والتوزيع ،
_c1988
300 _a349 ص
490 _a
650 0 4 _aالتراجم
650 0 4 _aالصحابة والتابعون
942 _2ddc
_cBK
999 _c34954
_d34954